000 05665cam a22008174i 4500
003 PE-LiUPU
005 20250731172833.0
008 150826s2014 miu rb 001 0 eng
020 _a9780310276159
_q(v. 1)
020 _a9780310276166
_q(v. 2)
020 _a9780310276173
_q(v. 3)
020 _a9780310276180
_q(v. 4)
020 _a9780310276197
_q(set : hardcover)
020 _a9780310520078
_q(v. 5)
035 _a(Sirsi) i9780310276159
040 _aDLC
_bspa
_cDLC
_dDLC
_dPE-LiUPU
_erda
049 _aPRUA
050 0 0 _aBS2312
_b.N48 2014
082 0 0 _a225.3
_bN4
_223
130 0 _aNew international dictionary of New Testament theology.
245 1 0 _aNew International dictionary of New Testament Theology and Exegesis /
_cMoisés Silva, revision editor.
250 _aSecond edition.
264 1 _aGrand Rapids, Michigan :
_bZondervan,
_c[2014]
300 _a5 volumes ;
_c24 centímetros
336 _atext
_2rdacontent
337 _aunmediated
_2rdamedia
338 _avolume
_2rdacarrier
504 _aIncluye referencias bibliográficas.
504 _aIncluye índice.
505 0 _aVolumen I,
_aAlpha-Delta.
505 0 _aVolumen II,
_aEpsilon-Kappa.
505 0 _aVolumen III,
_aLambda-Pi (part 1).
505 0 _aVolumen IV,
_a Pi (part 2)-Omega.
505 0 _aVolumen V,
_aIndex volume.
526 _aSEG42
526 _aSEG41
526 _aSEG40
526 _aSEG39
526 _aP94
526 _aP87
526 _aP86
526 _aP85
526 _aP77
526 _aP76
526 _aP35
630 0 0 _aBiblia.
_pN.T.
_xTeología
_vDiccionarios.
650 0 _aGriego bíblico
_vGlosarios, vocabularios, etc.
700 1 _aSilva, Moisés,
_eeditor.
910 _ajck
_b
_cjck
_d20150826
910 _adbm
_bsag
_csag
_d20190325
942 _2ddc
_cBOOK
949 _aPGT 225.3 N4 1
_wDEWEY
_c1
_i71908
_d2016-12-1
_e2016-11-29
_lCCODEBUL1
_mBUL
_n5
_p60.00
_r0
_sY
_tBOOK
_u2015-8-26
_xTEOLOGIA
_PP85
_0COMPRA
_o.CIRCNOTE. No olvidar cambiar la fecha de devolución!!!!!!!
_o.CIRCNOTE. El documento es muy costoso.
_o.STAFF. Posgrado
949 _aPGT 225.3 N4 2
_wDEWEY
_c1
_i71909
_d2016-11-7
_e2016-11-6
_lCCODEBUL1
_mBUL
_n5
_p60.00
_r0
_sY
_tBOOK
_u2015-8-26
_xTEOLOGIA
_PP85
_0COMPRA
_o.CIRCNOTE. No olvidar cambiar la fecha de devolución!!!!!!!
_o.CIRCNOTE. El documento es muy costoso.
_o.STAFF. Posgrado
949 _aPGT 225.3 N4 3
_wDEWEY
_c1
_i71910
_d2016-11-7
_e2016-11-6
_lCCODEBUL1
_mBUL
_n1
_p60.00
_r0
_sY
_tBOOK
_u2015-8-26
_xTEOLOGIA
_PP85
_0COMPRA
_o.CIRCNOTE. No olvidar cambiar la fecha de devolución!!!!!!!
_o.CIRCNOTE. El documento es muy costoso.
_o.STAFF. Posgrado
949 _aPGT 225.3 N4 4
_wDEWEY
_c1
_i71911
_d2016-12-1
_e2016-11-29
_lCCODEBUL1
_mBUL
_n1
_p60.00
_r0
_sY
_tBOOK
_u2015-8-26
_xTEOLOGIA
_PP85
_0COMPRA
_o.CIRCNOTE. No olvidar cambiar la fecha de devolución!!!!!!!
_o.CIRCNOTE. El documento es muy costoso.
_o.STAFF. Posgrado
949 _aPGT 225.3 N4 5
_wDEWEY
_c1
_i71912
_lCCODEBUL1
_mBUL
_p60.00
_r0
_sY
_tBOOK
_u2015-8-26
_xTEOLOGIA
_PP85
_0COMPRA
_o.CIRCNOTE. No olvidar cambiar la fecha de devolución!!!!!!!
_o.CIRCNOTE. El documento es muy costoso.
_o.STAFF. Posgrado
994 _aC0
_bPEPRU
596 _a1
999 _aPGT 225.3 N4 1
_wDEWEY
_c6878
_i71908
_d6878
_e2016-11-29
_f2021-11-9
_g6
_lCCODEBUL1
_mBUL
_n5
_p60.00
_q23
_r0
_sY
_tBOOK
_u2015-8-26
_xTEOLOGIA
_PP85
_0COMPRA
_o.CIRCNOTE. No olvidar cambiar la fecha de devolución!!!!!!!
_o.CIRCNOTE. El documento es muy costoso.
_o.STAFF. Colección Teología
999 _aPGT 225.3 N4 1
_wDEWEY
_c2
_i80088
_d2020-1-29
_f2021-11-9
_g2
_lCCODEBUL1
_mBUL
_p60.00
_q8
_r0
_sY
_tBOOK
_u2019-3-25
_xTEOLOGIA
_PP35
_0DONACION
_o.STAFF. Colección Teología
999 _aPGT 225.3 N4 2
_wDEWEY
_c1
_i71909
_d2019-10-1
_e2016-11-6
_f2021-11-9
_g7
_lCCODEBUL1
_mBUL
_n5
_p60.00
_q25
_r0
_sY
_tBOOK
_u2015-8-26
_xTEOLOGIA
_PP85
_0COMPRA
_o.CIRCNOTE. No olvidar cambiar la fecha de devolución!!!!!!!
_o.CIRCNOTE. El documento es muy costoso.
_o.STAFF. Colección Teología
999 _aPGT 225.3 N4 2
_wDEWEY
_c2
_i80089
_d2020-1-29
_f2021-11-9
_g2
_lCCODEBUL1
_mBUL
_p60.00
_q2
_r0
_sY
_tBOOK
_u2019-3-25
_xTEOLOGIA
_PP35
_0DONACION
_o.STAFF. Colección Teología
999 _aPGT 225.3 N4 3
_wDEWEY
_c1
_i71910
_d2019-9-2
_e2016-11-6
_f2021-11-9
_g5
_lCCODEBUL1
_mBUL
_n1
_p60.00
_q14
_r0
_sY
_tBOOK
_u2015-8-26
_xTEOLOGIA
_PP85
_0COMPRA
_o.CIRCNOTE. No olvidar cambiar la fecha de devolución!!!!!!!
_o.CIRCNOTE. El documento es muy costoso.
_o.STAFF. Colección Teología
999 _aPGT 225.3 N4 3
_wDEWEY
_c2
_i80090
_d2020-1-29
_f2021-11-9
_g2
_lCCODEBUL1
_mBUL
_p60.00
_q6
_r0
_sY
_tBOOK
_u2019-3-25
_xTEOLOGIA
_PP35
_0DONACION
_o.STAFF. Colección Teología
999 _aPGT 225.3 N4 4
_wDEWEY
_c1
_i71911
_d2020-1-29
_e2016-11-29
_f2021-11-9
_g5
_lCCODEBUL1
_mBUL
_n1
_p60.00
_q19
_r0
_sY
_tBOOK
_u2015-8-26
_xTEOLOGIA
_PP85
_0COMPRA
_o.CIRCNOTE. No olvidar cambiar la fecha de devolución!!!!!!!
_o.CIRCNOTE. El documento es muy costoso.
_o.STAFF. Posgrado
999 _aPGT 225.3 N4 4
_wDEWEY
_c2
_i80091
_d2020-1-8
_f2021-11-9
_g2
_lCCODEBUL1
_mBUL
_p60.00
_q4
_r0
_sY
_tBOOK
_u2019-3-25
_xTEOLOGIA
_PP35
_0DONACION
_o.STAFF. Colección Teología
999 _aPGT 225.3 N4 5
_wDEWEY
_c1
_i71912
_d2019-5-19
_f2021-11-9
_g5
_lCCODEBUL1
_mBUL
_p60.00
_q2
_r0
_sY
_tBOOK
_u2015-8-26
_xTEOLOGIA
_PP85
_0COMPRA
_o.CIRCNOTE. No olvidar cambiar la fecha de devolución!!!!!!!
_o.CIRCNOTE. El documento es muy costoso.
_o.STAFF. Posgrado
999 _aPGT 225.3 N4 5
_wDEWEY
_c2
_i80092
_d2019-8-4
_f2021-11-9
_g2
_lCCODEBUL1
_mBUL
_p60.00
_q3
_r0
_sY
_tBOOK
_u2019-3-25
_xTEOLOGIA
_PP35
_0DONACION
_o.STAFF. Colección Teología
980 _81
_gALBERTO SANCHEZ Responsable de Automatización